000 00697nam a22002297a 4500
005 20250811143428.0
008 250811b |||||||| |||| 00| 0 eng d
020 _a978-93-90887-20-0 (hbk)
037 _cTB
040 _aCRL
_cCRL
041 _2URD
_aURD
084 _aO168,3NKI,IM R2
_bCRL
100 _aSemeen Kirin
_9817719
245 _aEk madoom kahani
260 _aLucknow, India:
_bMatterlink publishers,
_c2022.
300 _a455p.
365 _b700.00
_cINR
650 _aUrdu Literature
650 _aUrdu Poetry
942 _2CC
_cTB
_hO168,3NKI,IM R2
_n0
999 _c1434673
_d1434673